| 000 | 00896nam a2200277 a 4500 | ||
|---|---|---|---|
| 020 | _a0026650401 | ||
| 040 | _cDLC | ||
| 082 | 0 | 0 | _a306 BEN 1984 A109 Or. |
| 100 | 1 | _aRiker, Audrey Palm. | |
| 245 | 1 | 0 | _aMarried and single life / |
| 260 |
_aPeoria, Ill. : _bBennett Pub. Co., _cc1984. |
||
| 300 |
_a416 p. : _bill. (some col.) ; _c24 cm. |
||
| 500 | _aRev. ed. of: Married life. 2nd ed. c1976. | ||
| 500 | _aIncludes index. | ||
| 520 | _aA practical guide for planning and preparing for life as a single adult, as a married couple, and as part of a family or other group arrangements. | ||
| 650 | 0 | _aMarriage. | |
| 650 | 0 | _aFamily life education. | |
| 650 | 0 | _aSingle people. | |
| 650 | 1 | _aMarriage. | |
| 650 | 1 | _aFamily life education. | |
| 650 | 1 | _aSingle people. | |
| 700 | 1 | _aBrisbane, Holly E. | |
| 700 | 1 | _aRiker, Charles. | |
| 700 | 1 | _aRiker, Audrey Palm. | |
| 942 | _cEK | ||
| 999 |
_c16655 _d16655 |
||